[Event "I Torneo Città di Biella"]
[Site "Biella ITA"]
[Date "2010.09.26"]
[Round "5.1"]
[White "Naumkin, Igor"]
[Black "Sgnaolin, Davide"]
[Result "1/2-1/2"]
[WhiteElo "2483"]
[BlackElo "2247"]
[PlyCount "75"]
[EventDate "2010.09.24"]

1. d4 Nf6 2. Nf3 e6 3. c4 c5 4. d5 b5 5. Bg5 b4 6. a3 h6 7. Bxf6 Qxf6 8. e4
Qxb2 9. Nbd2 d6 10. Be2 Be7 11. axb4 Qxb4 12. e5 O-O 13. O-O exd5 14. cxd5 Bf5
15. Nc4 Nd7 16. Bd3 Bg4 17. Rb1 Qc3 18. Rb3 Bxf3 19. Qxf3 Qxb3 20. Bh7+ Kxh7
21. Qxb3 Nxe5 22. Nxe5 dxe5 23. d6 Bf6 24. Qc2+ Kg8 25. Qxc5 Rfd8 26. g3 a5 27.
Ra1 a4 28. Ra3 Ra6 29. d7 Raa8 30. Qc6 Ra7 31. Rxa4 Raxd7 32. h4 Rd6 33. Qf3
Rd4 34. Ra6 R4d6 35. Ra5 R8d7 36. Kg2 Rd8 37. Qg4 R6d7 38. Ra6 1/2-1/2

[Event "I Torneo Città di Biella"]
[Site "Biella ITA"]
[Date "2010.09.26"]
[Round "5.2"]
[White "Arnaudov, G. Petar"]
[Black "Pulito, Alberto"]
[Result "1-0"]
[WhiteElo "2442"]
[BlackElo "2263"]
[PlyCount "67"]
[EventDate "2010.09.24"]

1. Nf3 d5 2. d4 Nf6 3. c4 c6 4. Qc2 dxc4 5. e4 b5 6. b3 cxb3 7. axb3 e6 8. Bd2
a5 9. Bd3 Bb7 10. O-O Be7 11. Rc1 Nbd7 12. Nc3 b4 13. Na4 h6 14. Qd1 c5 15. e5
Ne4 16. Bf4 O-O 17. Qc2 Nc3 18. Nxc3 bxc3 19. Bh7+ Kh8 20. Be4 Bxe4 21. Qxe4
cxd4 22. Nxd4 Nc5 23. Qe3 Bg5 24. Rxc3 Bxf4 25. Qxf4 Qd5 26. h4 Ne4 27. Rc4 Nc5
28. Qe3 a4 29. Rb4 Nxb3 30. Raxa4 Rxa4 31. Rxa4 Rb8 32. Nf3 Na5 33. Rf4 Nc4 34.
Qc3 1-0

[Event "I Torneo Città di Biella"]
[Site "Biella ITA"]
[Date "2010.09.26"]
[Round "5.3"]
[White "Stips, Felix"]
[Black "Vezzosi, Paolo"]
[Result "0-1"]
[WhiteElo "2214"]
[BlackElo "2347"]
[PlyCount "108"]
[EventDate "2010.09.24"]

1. Nf3 f5 2. d3 Nf6 3. e4 d6 4. Nc3 Nc6 5. g3 g6 6. exf5 Bxf5 7. Bg2 Bg7 8. O-O
O-O 9. d4 Nb4 10. Ne1 c6 11. Bg5 h6 12. Bxf6 Rxf6 13. a3 Na6 14. d5 c5 15. Nb5
Rf7 16. c3 Qb6 17. Qe2 Raf8 18. a4 Nc7 19. Nxc7 Qxc7 20. Be4 Qd7 21. Ng2 g5 22.
f4 Bh3 23. Qb5 Qc8 24. fxg5 Rxf1+ 25. Rxf1 Rxf1+ 26. Qxf1 hxg5 27. Qf3 Qg4 28.
Qxg4 Bxg4 29. Ne3 Bd7 30. Bc2 Kf7 31. Kf2 Kf6 32. h4 gxh4 33. gxh4 Ke5 34. Kf3
Be8 35. Kg4 Bh6 36. Nf5 Bd7 37. b3 Kxd5 38. Kf3 Bf8 39. Ne3+ Ke5 40. Ng4+ Bxg4+
41. Kxg4 Bh6 42. Kf3 Bd2 43. c4 Kd4 44. Ke2 Bh6 45. h5 Kc3 46. Bd1 b6 47. Ke1
e6 48. Ke2 d5 49. cxd5 exd5 50. Ke1 d4 51. Ke2 d3+ 52. Ke1 Bg5 53. Bg4 Kxb3 54.
Bf5 c4 0-1

[Event "I Torneo Città di Biella"]
[Site "Biella ITA"]
[Date "2010.09.26"]
[Round "5.4"]
[White "Gallucci, Alessio"]
[Black "Inkiov, Ventzislav"]
[Result "0-1"]
[WhiteElo "2144"]
[BlackElo "2485"]
[PlyCount "46"]
[EventDate "2010.09.24"]

1. e4 c5 2. Nf3 d6 3. d4 cxd4 4. Nxd4 Nf6 5. Nc3 Nc6 6. Bg5 e6 7. Qd2 Be7 8.
O-O-O O-O 9. f4 Nxd4 10. Qxd4 Qa5 11. e5 dxe5 12. fxe5 Rd8 13. Qf4 Rxd1+ 14.
Kxd1 Nd5 15. Nxd5 Qxd5+ 16. Bd3 Bxg5 17. Qxg5 Bd7 18. Rf1 f5 19. g4 Bb5 20. Qe3
Bxd3 21. cxd3 fxg4 22. Kd2 h6 23. b3 Qa5+ 0-1

[Event "I Torneo Città di Biella"]
[Site "Biella ITA"]
[Date "2010.09.26"]
[Round "5.5"]
[White "Marholev, Dimitar"]
[Black "Ubezio, Marco"]
[Result "1-0"]
[WhiteElo "2407"]
[BlackElo "2137"]
[PlyCount "63"]
[EventDate "2010.09.24"]

1. e4 Nf6 2. e5 Nd5 3. d4 d6 4. Nf3 Bg4 5. Be2 Nc6 6. exd6 exd6 7. O-O Be7 8.
h3 Bh5 9. c4 Nb6 10. b3 O-O 11. Nc3 Bg6 12. Be3 Bf6 13. Rc1 Re8 14. d5 Ne5 15.
Nd4 h6 16. Qd2 Ned7 17. Bd3 Bxd3 18. Qxd3 Nc5 19. Qc2 a5 20. Nf5 Nbd7 21. Nb5
Ne4 22. Rce1 Re5 23. g4 Ndc5 24. f4 Rxf5 25. gxf5 Ng3 26. Rf3 Nce4 27. Bf2 Nxf2
28. Rxg3 c6 29. Nc3 Bd4 30. Kg2 Qh4 31. Ne2 Bc5 32. Rf1 1-0

[Event "I Torneo Città di Biella"]
[Site "Biella ITA"]
[Date "2010.09.26"]
[Round "5.6"]
[White "Lanzani, Mario"]
[Black "Bazzeato, Stefano"]
[Result "1-0"]
[WhiteElo "2360"]
[BlackElo "2052"]
[PlyCount "66"]
[EventDate "2010.09.24"]

1. e4 Nf6 2. e5 Nd5 3. d4 d6 4. c4 Nb6 5. exd6 exd6 6. Nc3 Be7 7. h3 O-O 8. Nf3
Bf5 9. Be2 Nc6 10. O-O h6 11. d5 Ne5 12. Nd4 Bh7 13. b3 Bf6 14. Be3 c5 15. dxc6
Nxc6 16. Bf3 Rc8 17. Qd2 Nd7 18. Rad1 Nde5 19. Be2 Qa5 20. Nd5 Bd8 21. Nb5 Qxd2
22. Bxd2 Rb8 23. Bc3 Nd7 24. Nxd6 Nb6 25. Bf3 Nc8 26. Nxc8 Rxc8 27. Rfe1 Bg5
28. Nb4 Bf5 29. Nxc6 bxc6 30. Bg4 Bxg4 31. hxg4 Rfd8 32. Kf1 Kf8 33. g3 Be7 1-0

[Event "I Torneo Città di Biella"]
[Site "Biella ITA"]
[Date "2010.09.26"]
[Round "5.7"]
[White "Finocchiaro, Gianluca"]
[Black "Profumo, Alberto"]
[Result "0-1"]
[WhiteElo "2121"]
[BlackElo "2250"]
[PlyCount "44"]
[EventDate "2010.09.24"]

1. e4 c6 2. c4 d5 3. exd5 cxd5 4. cxd5 Nf6 5. Nc3 Nxd5 6. Nf3 Nc6 7. Bb5 a6 8.
Qa4 axb5 9. Qxa8 Nc7 10. Qa3 b4 11. Qb3 Be6 12. Qd1 bxc3 13. bxc3 Bc4 14. d4 e6
15. Be3 Nd5 16. Qc2 Be7 17. Rb1 Ba6 18. Bd2 Nb6 19. Qb3 Nc4 20. Bf4 O-O 21. Nd2
N6a5 22. Qc2 Na3 0-1

[Event "I Torneo Città di Biella"]
[Site "Biella ITA"]
[Date "2010.09.26"]
[Round "5.8"]
[White "Aghayev, Miragha"]
[Black "Grinza, Andrea"]
[Result "1-0"]
[WhiteElo "2101"]
[BlackElo "2239"]
[PlyCount "127"]
[EventDate "2010.09.24"]

1. e4 c6 2. d4 d5 3. Nc3 dxe4 4. Nxe4 Bf5 5. Ng3 Bg6 6. h4 h6 7. Nf3 Nd7 8. h5
Bh7 9. Bd3 Bxd3 10. Qxd3 Qc7 11. Bd2 e6 12. Ne4 Ngf6 13. O-O-O O-O-O 14. c4 Nc5
15. Nxc5 Bxc5 16. Bc3 Qe7 17. a3 Bd6 18. g3 Rd7 19. Qe2 Re8 20. Kb1 Kb8 21. Ka2
Ka8 22. Ne5 Rdd8 23. f4 Nd7 24. Nd3 a6 25. Qg2 f6 26. Ka1 Qf7 27. Qf3 Qe7 28.
Rhe1 Qf7 29. g4 Bc7 30. b3 Qf8 31. Ka2 Bd6 32. Bb2 Re7 33. Re2 Qe8 34. Nf2 Bc7
35. a4 Bd6 36. Bc3 Qf8 37. Nd3 Rde8 38. Rde1 Qf7 39. Kb2 Nf8 40. Nf2 Rd7 41.
Nd3 Red8 42. f5 e5 43. dxe5 fxe5 44. Nxe5 Bxe5 45. Rxe5 Rd3 46. R5e3 Rxe3 47.
Qxe3 Qd7 48. Qe7 Qd3 49. Qxg7 Nd7 50. Qd4 Qg3 51. f6 c5 52. Qg1 Qf3 53. Rd1
Qe2+ 54. Rd2 Qe6 55. g5 hxg5 56. Qxg5 Rg8 57. Qd5 Qxd5 58. Rxd5 Rg2+ 59. Kc1
Rg1+ 60. Kd2 Rg2+ 61. Ke1 Rg1+ 62. Kf2 Rc1 63. Rxd7 Rxc3 64. f7 1-0

[Event "I Torneo Città di Biella"]
[Site "Biella ITA"]
[Date "2010.09.26"]
[Round "5.9"]
[White "Marinone, Lucio"]
[Black "Topczewski, Damian"]
[Result "0-1"]
[WhiteElo "1997"]
[BlackElo "2165"]
[PlyCount "80"]
[EventDate "2010.09.24"]

1. d4 d5 2. Nf3 Nf6 3. c4 c6 4. Nc3 a6 5. c5 Bg4 6. Ne5 Bf5 7. Bf4 Nbd7 8. e3
Nxe5 9. Bxe5 Nd7 10. Bg3 e5 11. f3 exd4 12. exd4 Be7 13. Bd3 Bxd3 14. Qxd3 O-O
15. O-O b6 16. b4 Re8 17. Rfe1 bxc5 18. bxc5 Qa5 19. Rab1 Bf6 20. Rxe8+ Rxe8
21. Re1 Re6 22. Rc1 g6 23. Nxd5 cxd5 24. c6 Nb6 25. Qd1 Qb4 26. Bf2 Nc8 27. h4
Qb5 28. Rc5 Qb6 29. Qc2 Qc7 30. g4 Ne7 31. g5 Bg7 32. Qb3 Rxc6 33. Rxc6 Qxc6
34. Qb8+ Nc8 35. Kg2 h6 36. f4 Kh7 37. Qb2 Qe6 38. Kf3 Qe4+ 39. Kg3 Ne7 40. Kg4
Qg2+ 0-1

[Event "I Torneo Città di Biella"]
[Site "Biella ITA"]
[Date "2010.09.26"]
[Round "5.10"]
[White "Angelini, Marco"]
[Black "Siclari, Giovanni"]
[Result "1-0"]
[WhiteElo "2163"]
[BlackElo "1443"]
[PlyCount "49"]
[EventDate "2010.09.24"]

1. e4 c5 2. Nf3 e6 3. d4 cxd4 4. Nxd4 Nc6 5. Nc3 Nf6 6. Bc4 Bb4 7. Nxc6 bxc6 8.
e5 Nd5 9. Bxd5 cxd5 10. Qg4 Bxc3+ 11. bxc3 Qa5 12. Qxg7 Qxc3+ 13. Bd2 Qxa1+ 14.
Ke2 Ba6+ 15. Kf3 d6 16. Rxa1 Rf8 17. exd6 Kd7 18. Qf6 Rae8 19. Bh6 Rg8 20. Bf4
e5 21. Bxe5 Kc6 22. g3 Bc8 23. d7+ Re6 24. d8=Q Rxf6+ 25. Qxf6+ 1-0

[Event "I Torneo Città di Biella"]
[Site "Biella ITA"]
[Date "2010.09.26"]
[Round "5.11"]
[White "Argiolas, Alberto"]
[Black "Genocchio, Daniele"]
[Result "0-1"]
[WhiteElo "1867"]
[BlackElo "2449"]
[PlyCount "77"]
[EventDate "2010.09.24"]

1. e4 c5 2. Nf3 Nc6 3. d4 cxd4 4. Nxd4 Qb6 5. c3 e5 6. Nb5 Nf6 7. Be3 Qd8 8. f3
d6 9. Nd2 a6 10. Na3 d5 11. Nc2 h6 12. Bd3 Bd6 13. Qe2 O-O 14. O-O Re8 15. Rac1
Bc7 16. Bf2 Nh5 17. g3 Bh3 18. Rfe1 Qg5 19. Be3 Nf4 20. Bxf4 exf4 21. g4 f5 22.
Kh1 fxe4 23. Nd4 Ne5 24. Nxe4 dxe4 25. Bxe4 Rad8 26. Bc2 h5 27. Qe4 g6 28. Bb3+
Kh8 29. Ne6 Rxe6 30. Bxe6 Rd2 31. Re2 Rxe2 32. Qxe2 hxg4 33. Rg1 gxf3 34. Qf2
Bg2+ 35. Rxg2 fxg2+ 36. Qxg2 Qh4 37. Qxb7 Qe1+ 38. Kg2 Qe2+ 39. Kh3 0-1

[Event "I Torneo Città di Biella"]
[Site "Biella ITA"]
[Date "2010.09.26"]
[Round "5.12"]
[White "Temi, Walter"]
[Black "Caldi, Mario"]
[Result "1-0"]
[WhiteElo "2098"]
[BlackElo "1870"]
[PlyCount "59"]
[EventDate "2010.09.24"]

1. e4 e6 2. d4 d5 3. Nc3 Bb4 4. e5 c5 5. Bd2 Bd7 6. Qg4 Ne7 7. dxc5 Bxc5 8.
Qxg7 Rg8 9. Qxh7 Nbc6 10. f4 Nd4 11. Nge2 Qb6 12. Nxd4 Bxd4 13. O-O-O O-O-O 14.
Qd3 a6 15. Kb1 Nf5 16. Bc1 Kb8 17. g4 Rxg4 18. Bh3 Rgg8 19. Nxd5 exd5 20. Bxf5
Bc5 21. Bxd7 Rxd7 22. f5 Qc6 23. h4 Rc8 24. h5 Bf2 25. h6 Bg3 26. Qxg3 Qxc2+
27. Ka1 Rdc7 28. a3 Qxf5 29. e6 fxe6 30. Bf4 1-0

[Event "I Torneo Città di Biella"]
[Site "Biella ITA"]
[Date "2010.09.26"]
[Round "5.13"]
[White "Cossar, Claudio"]
[Black "Moncelli, Giorgio"]
[Result "0-1"]
[WhiteElo "1775"]
[BlackElo "2089"]
[PlyCount "134"]
[EventDate "2010.09.24"]

1. d4 d5 2. Nf3 Nf6 3. Bf4 c5 4. e3 Nc6 5. c3 Qb6 6. Qc1 Bf5 7. Be2 e6 8. O-O
h6 9. Nbd2 cxd4 10. exd4 Be7 11. Ne5 Nxe5 12. Bxe5 O-O 13. Nf3 Rac8 14. Rd1 Ne4
15. Bd3 Bg4 16. Rb1 f6 17. Bf4 e5 18. Be3 exd4 19. Bxd4 Bc5 20. Bxc5 Qxc5 21.
Qe3 Ng5 22. Qxc5 Rxc5 23. Be2 Re8 24. Re1 Bxf3 25. Bxf3 Nxf3+ 26. gxf3 Rxe1+
27. Rxe1 Kf7 28. Kf1 Rc7 29. Rd1 Ke6 30. Ke2 Rc4 31. Ke3 Rh4 32. Rd4 Rxh2 33.
Ra4 Kd6 34. Rxa7 Kc6 35. Ra8 Rg2 36. f4 h5 37. Kf3 Rg1 38. Rh8 g6 39. f5 gxf5
40. Rxh5 Rb1 41. Rxf5 Rxb2 42. Rxf6+ Kc5 43. Rf7 b5 44. Rc7+ Kd6 45. Ra7 Rc2
46. Ra3 Kc5 47. Ke3 Kc4 48. f4 Rxc3+ 49. Rxc3+ Kxc3 50. f5 d4+ 51. Ke4 d3 52.
f6 d2 53. f7 d1=Q 54. f8=Q Qe2+ 55. Kd5 Qxa2+ 56. Kc6 Qc4+ 57. Kb6 b4 58. Qf3+
Kb2 59. Qd1 b3 60. Qd2+ Ka3 61. Qa5+ Qa4 62. Qe5 b2 63. Qf5 Qb3+ 64. Kc7 b1=Q
65. Qa5+ Qa4 66. Qc3+ Qbb3 67. Qa1+ Kb4 0-1

[Event "I Torneo Città di Biella"]
[Site "Biella ITA"]
[Date "2010.09.26"]
[Round "5.14"]
[White "Guidi, Giacomo G"]
[Black "Giovarruscio, Gabriele"]
[Result "1-0"]
[WhiteElo "1942"]
[BlackElo "1669"]
[PlyCount "79"]
[EventDate "2010.09.24"]

1. Nf3 Nf6 2. g3 g6 3. Bg2 Bg7 4. O-O O-O 5. c4 c5 6. Nc3 Nc6 7. Rb1 d6 8. a3
Bf5 9. d3 Qd7 10. b4 cxb4 11. axb4 Bh3 12. b5 Nd8 13. d4 Bxg2 14. Kxg2 Ne6 15.
Qd3 Rfd8 16. e4 Ne8 17. Be3 b6 18. Ra1 Qb7 19. Ra4 N8c7 20. Rfa1 Kf8 21. Nd5
Rd7 22. Nb4 Nd8 23. R1a2 Nce6 24. d5 Nc5 25. Bxc5 dxc5 26. Nc6 a5 27. Qe3 Qc7
28. e5 Nb7 29. Qf4 Kg8 30. Re2 Rf8 31. Qe4 f5 32. Qh4 h6 33. e6 g5 34. Nxg5
hxg5 35. Qxg5 f4 36. Re1 f3+ 37. Kg1 Rf6 38. exd7 Qxd7 39. Rxe7 Qh3 40. Qxg7#
1-0

[Event "I Torneo Città di Biella"]
[Site "Biella ITA"]
[Date "2010.09.26"]
[Round "5.15"]
[White "Penna, Tommaso"]
[Black "Lucchese, Paolo"]
[Result "0-1"]
[WhiteElo "1705"]
[BlackElo "1917"]
[PlyCount "50"]
[EventDate "2010.09.24"]

1. d4 c5 2. d5 e5 3. c4 d6 4. e4 Be7 5. Nf3 Bg4 6. Be2 Bxf3 7. Bxf3 Nf6 8. Nc3
Nbd7 9. a3 h6 10. Qc2 a6 11. Be3 Nh7 12. b4 Bg5 13. Nd1 Bxe3 14. Nxe3 g6 15.
Bg4 Nhf6 16. Bxd7+ Nxd7 17. O-O Rc8 18. Rac1 O-O 19. g3 Qg5 20. Qe2 h5 21. f3
f5 22. Ng2 f4 23. Kf2 fxg3+ 24. hxg3 Nf6 25. Qe3 Ng4+ 0-1

[Event "I Torneo Città di Biella"]
[Site "Biella ITA"]
[Date "2010.09.26"]
[Round "5.16"]
[White "Trumpf, Walter"]
[Black "Bargeri, Ludovico"]
[Result "0-1"]
[WhiteElo "2060"]
[BlackElo "1545"]
[PlyCount "126"]
[EventDate "2010.09.24"]

1. d4 d5 2. e4 e6 3. Nc3 Nf6 4. Bg5 dxe4 5. f3 exf3 6. Nxf3 Be7 7. Bd3 h6 8.
Bxf6 Bxf6 9. Ne4 Nd7 10. Nxf6+ Nxf6 11. O-O O-O 12. c3 b6 13. Ne5 Bb7 14. Qe2
Re8 15. Rae1 Qe7 16. Bb5 Rf8 17. Ba4 a5 18. Bc2 Ba6 19. c4 Bb7 20. Qd3 g6 21.
Re3 Rad8 22. d5 Rd6 23. Ref3 exd5 24. Qd4 Qd8 25. Qh4 Kg7 26. Qg3 dxc4 27. Nxf7
Rxf7 28. Qxg6+ Kf8 29. Qxh6+ Ke7 30. Re3+ Kd7 31. Qh3+ Kc6 32. Qf3+ Nd5 33.
Qxf7 Nxe3 34. Be4+ Nd5 35. Rd1 b5 36. Qf2 Qe7 37. Re1 Qe5 38. Bf3 Qh8 39. Rd1
Qg8 40. Qa7 Qa8 41. Qd4 Qg8 42. a4 b4 43. Qxc4+ Kd7 44. Qc5 c6 45. Qxa5 Qg5 46.
Qa7 Qe3+ 47. Qxe3 Nxe3 48. Rxd6+ Kxd6 49. h4 Ke5 50. h5 Kf5 51. Kf2 Nc4 52. b3
Na5 53. Bd1 c5 54. g4+ Kg5 55. Ke3 Bd5 56. Kd3 Bxb3 57. Bxb3 Nxb3 58. Kc2 Na5
59. Kb2 c4 60. Kc2 c3 61. Kd3 Nb3 62. Kc2 Nd4+ 63. Kd3 c2 0-1

[Event "I Torneo Città di Biella"]
[Site "Biella ITA"]
[Date "2010.09.26"]
[Round "5.17"]
[White "Rambaldi, Francesco"]
[Black "Pedemonte, Claudio"]
[Result "1/2-1/2"]
[WhiteElo "2015"]
[BlackElo "1808"]
[PlyCount "89"]
[EventDate "2010.09.24"]

1. e4 d5 2. exd5 Qxd5 3. Nc3 Qa5 4. d4 Nf6 5. Bd2 c6 6. Bc4 Bf5 7. Qe2 e6 8. d5
cxd5 9. Nxd5 Qd8 10. Nxf6+ Qxf6 11. O-O-O Be7 12. g4 Bg6 13. Nf3 Ba3 14. c3 Bd6
15. Nd4 Nc6 16. Be3 Nxd4 17. Rxd4 O-O-O 18. Rhd1 Bb8 19. Ba6 e5 20. Rxd8+ Rxd8
21. Bc4 Rxd1+ 22. Qxd1 Qc6 23. Bd5 Qb5 24. h4 f6 25. Be6+ Kc7 26. f4 Qd3 27.
Qxd3 Bxd3 28. Kd2 Bb5 29. f5 Kd6 30. Bg8 h6 31. b4 b6 32. Bb3 Bc6 33. Bd1 Kd5
34. Bf3+ e4 35. Be2 Bg3 36. h5 Ke5 37. Bd1 Bf4 38. Bc2 Bb5 39. Bb3 Bf1 40. c4
Bh3 41. Bd1 Bf1 42. Bb3 Bh3 43. Bd1 Bf1 44. Bb3 Bh3 45. Bd1 1/2-1/2

[Event "I Torneo Città di Biella"]
[Site "Biella ITA"]
[Date "2010.09.26"]
[Round "5.18"]
[White "Tolva, Giuseppe"]
[Black "D'Agostino, Maurizio"]
[Result "0-1"]
[WhiteElo "1803"]
[BlackElo "2004"]
[PlyCount "89"]
[EventDate "2010.09.24"]

1. e4 Nf6 2. Nc3 d5 3. exd5 Nxd5 4. Ne4 c6 5. b3 Bf5 6. Ng3 Bg6 7. Nf3 Nb4 8.
d3 e6 9. a3 Nd5 10. Bb2 Nd7 11. Qd2 Qc7 12. h4 h6 13. h5 Bh7 14. Ne2 O-O-O 15.
g3 e5 16. Bh3 Bd6 17. b4 Rhe8 18. c4 N5f6 19. c5 Bf8 20. Rd1 Kb8 21. O-O e4 22.
Ne1 Ne5 23. d4 Nc4 24. Qc3 Nxb2 25. Qxb2 Nxh5 26. Nc2 g5 27. Ne3 Bg7 28. a4 Nf6
29. b5 Nd5 30. Nc4 f5 31. Rb1 cxb5 32. axb5 e3 33. f4 gxf4 34. b6 axb6 35. Nxb6
Nxb6 36. cxb6 Qc4 37. Rfc1 Bxd4 38. Nxd4 Qxd4 39. Qa3 e2+ 40. Kg2 Qe4+ 41. Kh2
fxg3+ 42. Qxg3+ Qe5 43. Bg2 Qxg3+ 44. Kxg3 f4+ 45. Kxf4 0-1

[Event "I Torneo Città di Biella"]
[Site "Biella ITA"]
[Date "2010.09.26"]
[Round "5.19"]
[White "Raselli, Claudio"]
[Black "Maffeo, Mauro"]
[Result "1-0"]
[WhiteElo "1961"]
[BlackElo "1802"]
[PlyCount "37"]
[EventDate "2010.09.24"]

1. d4 d5 2. c4 c6 3. Nf3 Nf6 4. Nc3 dxc4 5. a4 Nd5 6. e4 Nxc3 7. bxc3 b5 8. Ba3
Bg4 9. g3 g6 10. Bg2 Bg7 11. h3 Bxf3 12. Qxf3 Nd7 13. e5 Rc8 14. axb5 cxb5 15.
Bb4 Rc7 16. Ba5 Nb6 17. Bxb6 axb6 18. Ra8 Rc8 19. Qc6+ 1-0

[Event "I Torneo Città di Biella"]
[Site "Biella ITA"]
[Date "2010.09.26"]
[Round "5.20"]
[White "Avetta, Gianmario"]
[Black "Forno, Roberto"]
[Result "0-1"]
[WhiteElo "1718"]
[BlackElo "1931"]
[PlyCount "76"]
[EventDate "2010.09.24"]

1. d4 d5 2. c4 e6 3. Nc3 Nf6 4. Nf3 c6 5. cxd5 exd5 6. Qb3 Bd6 7. Bg5 Nbd7 8.
e4 dxe4 9. Nxe4 Qe7 10. Bd3 h6 11. Bxf6 Bb4+ 12. Nfd2 Bxd2+ 13. Kxd2 Nxf6 14.
Rhe1 O-O 15. Nc5 Qc7 16. g3 Rd8 17. Kc3 Qd6 18. Rac1 b6 19. Ne4 Qxd4+ 20. Kc2
Bf5 21. f3 Nd5 22. Kb1 Nb4 23. Bc4 Nd5 24. Rcd1 Qc5 25. Ka1 Qa5 26. Nc3 Be6 27.
Bxd5 cxd5 28. Rd4 Rac8 29. Red1 Rc5 30. Ra4 d4 31. Qa3 Rdc8 32. b4 Rxc3 33.
bxa5 b5 34. Qb4 bxa4 35. Rd2 a3 36. Qb1 Rc1 37. Rxd4 Rxb1+ 38. Kxb1 Bf5+ 0-1

[Event "I Torneo Città di Biella"]
[Site "Biella ITA"]
[Date "2010.09.26"]
[Round "5.21"]
[White "Crepaldi, Marco"]
[Black "Migliorini, Matteo"]
[Result "0-1"]
[WhiteElo "1917"]
[BlackElo "1742"]
[PlyCount "50"]
[EventDate "2010.09.24"]

1. e4 e5 2. Nf3 Nc6 3. Bb5 a6 4. Ba4 Nf6 5. O-O b5 6. Bb3 Bc5 7. c3 d6 8. h3
O-O 9. d4 Bb6 10. Bg5 Bb7 11. Re1 h6 12. Bh4 Qe7 13. d5 Nd8 14. Qd3 c5 15. dxc6
Bxc6 16. Nbd2 Ne6 17. Bxf6 gxf6 18. Nh4 Kh7 19. Nf5 Qa7 20. Qf3 Nf4 21. g3
Bxf2+ 22. Kh2 Bxe1 23. gxf4 Bxd2 24. Qh5 Qf2+ 25. Kh1 Bxe4+ 0-1

[Event "I Torneo Città di Biella"]
[Site "Biella ITA"]
[Date "2010.09.26"]
[Round "5.22"]
[White "Miracola, Giorgia"]
[Black "Burani, Eugenio"]
[Result "1/2-1/2"]
[WhiteElo "1747"]
[BlackElo "1899"]
[PlyCount "114"]
[EventDate "2010.09.24"]

1. e4 c5 2. Nf3 Nc6 3. d4 cxd4 4. Nxd4 e5 5. Nb5 d6 6. N1c3 Nf6 7. Bg5 a6 8.
Bxf6 gxf6 9. Na3 b5 10. Nd5 f5 11. exf5 Bxf5 12. Qf3 Be6 13. Nf6+ Ke7 14. Qxc6
Kxf6 15. Qf3+ Ke7 16. c3 f5 17. Nc2 Bg7 18. Ne3 Rf8 19. Nd5+ Bxd5 20. Qxd5 e4
21. g4 Be5 22. gxf5 Rxf5 23. Qxe4 Qf8 24. Qb7+ Kf6 25. Qxh7 Re8 26. O-O-O Qh8
27. Qxh8+ Rxh8 28. h3 Rxf2 29. Re1 Rh4 30. Re2 Rhf4 31. Rxf2 Rxf2 32. Bd3 b4
33. Rf1 Rxf1+ 34. Bxf1 bxc3 35. bxc3 Bxc3 36. Bxa6 d5 37. Be2 Kf5 38. Kc2 d4
39. Kd3 Kg5 40. Ke4 Kh6 41. h4 Kg7 42. a4 Kh6 43. Kd5 Kg7 44. Kc5 Kh6 45. Kb5
d3 46. a5 Bxa5 47. Kxa5 d2 48. Bd1 Kg7 49. Kb4 Kh6 50. Kc3 Kg7 51. Kxd2 Kh8 52.
Ke3 Kg7 53. Kf4 Kh8 54. Kg5 Kg7 55. Bc2 Kh8 56. Kf6 Kg8 57. h5 Kh8 1/2-1/2

[Event "I Torneo Città di Biella"]
[Site "Biella ITA"]
[Date "2010.09.26"]
[Round "5.23"]
[White "De Francisci, Luigi"]
[Black "Petrone, Gianmario"]
[Result "1/2-1/2"]
[WhiteElo "1898"]
[BlackElo "1766"]
[PlyCount "60"]
[EventDate "2010.09.24"]

1. d4 d5 2. e4 e6 3. Nc3 Bb4 4. Bd2 Ne7 5. Qg4 O-O 6. e5 c5 7. a3 Bxc3 8. bxc3
Nbc6 9. h4 Kh8 10. Nf3 c4 11. Ng5 h6 12. Rh3 Nf5 13. Nf3 Bd7 14. Nh2 Qb6 15.
Qd1 Qd8 16. g4 Nfe7 17. g5 Nf5 18. gxh6 g6 19. Ng4 Nxh4 20. Nf6 Nf5 21. Bg5 Qc7
22. Nxd7 Qxd7 23. Bf6+ Kh7 24. Be2 b5 25. Bg4 Nce7 26. Qd2 a5 27. Ke2 Rab8 28.
Rf3 Rb7 29. Bxf5 Nxf5 30. Qg5 Rfb8 1/2-1/2

[Event "I Torneo Città di Biella"]
[Site "Biella ITA"]
[Date "2010.09.26"]
[Round "5.24"]
[White "Arruzza, Francesco"]
[Black "Coppola, Federico"]
[Result "1/2-1/2"]
[WhiteElo "1850"]
[BlackElo "1590"]
[PlyCount "93"]
[EventDate "2010.09.24"]

1. e4 c5 2. Nf3 d6 3. d4 cxd4 4. Nxd4 Nf6 5. f3 Nc6 6. c4 Qb6 7. Nc2 g6 8. Nc3
Bg7 9. Rb1 O-O 10. Be3 Qc7 11. Be2 Ne5 12. b3 Nfd7 13. Qd2 Nc5 14. Nd4 a6 15.
Rc1 Nc6 16. O-O Nxd4 17. Bxd4 Bxd4+ 18. Qxd4 Ne6 19. Qe3 Bd7 20. Nd5 Qd8 21.
Rfd1 Re8 22. Rd2 Bc6 23. Rcd1 Bxd5 24. Rxd5 Qc7 25. f4 Rec8 26. f5 Nc5 27. f6
exf6 28. Rxd6 Ne6 29. Bg4 Rd8 30. Qd2 Rxd6 31. Qxd6 Rd8 32. Qxc7 Rxd1+ 33. Bxd1
Nxc7 34. Kf2 Kf8 35. Ke3 Ne6 36. Bg4 Ke7 37. Bxe6 fxe6 38. Kd4 Kd6 39. c5+ Kc6
40. a4 e5+ 41. Kc4 f5 42. exf5 gxf5 43. b4 e4 44. Kd4 h5 45. g3 Kc7 46. h3 Kc6
47. Kc4 1/2-1/2

[Event "I Torneo Città di Biella"]
[Site "Biella ITA"]
[Date "2010.09.26"]
[Round "5.25"]
[White "Bardone, Lorenzo"]
[Black "Miracola, Massimiliano"]
[Result "0-1"]
[WhiteElo "1596"]
[BlackElo "1845"]
[PlyCount "116"]
[EventDate "2010.09.24"]

1. e4 c5 2. Nf3 d6 3. Bb5+ Nd7 4. c4 Ngf6 5. Nc3 g6 6. d4 cxd4 7. Nxd4 Bg7 8.
O-O O-O 9. Bxd7 Bxd7 10. b3 Qb6 11. Bb2 Bc6 12. Nxc6 bxc6 13. Rb1 Nd7 14. Na4
Qa5 15. Bxg7 Kxg7 16. Qd4+ Qe5 17. Qxe5+ Nxe5 18. Rfd1 c5 19. Nc3 Nc6 20. a3
Rab8 21. Na2 Na5 22. Rd3 Nxc4 23. b4 cxb4 24. axb4 Ne5 25. Rdb3 Rb7 26. Nc3
Rfb8 27. b5 a6 28. f4 Nc4 29. Rb4 axb5 30. Rxb5 Rxb5 31. Rxb5 Rxb5 32. Nxb5 Nd2
33. Nc3 f5 34. exf5 gxf5 35. Nd5 e6 36. Ne3 Kf6 37. Kf2 e5 38. fxe5+ dxe5 39.
Ke2 Nb3 40. g3 h5 41. h3 Nd4+ 42. Kd3 Ne6 43. g4 Nf4+ 44. Kd2 Nxh3 45. gxf5 Ng5
46. Ke2 Ne4 47. Kf3 Nd6 48. Nd5+ Kxf5 49. Ne7+ Kg5 50. Nd5 e4+ 51. Kg2 h4 52.
Kh1 Kg4 53. Kg2 Nf5 54. Nf6+ Kf4 55. Nxe4 Kxe4 56. Kh1 Kf3 57. Kh2 Kg4 58. Kh1
Kg3 0-1

[Event "I Torneo Città di Biella"]
[Site "Biella ITA"]
[Date "2010.09.26"]
[Round "5.26"]
[White "Caprioglio, Riccardo"]
[Black "Di Chiara, Mauro"]
[Result "0-1"]
[WhiteElo "1560"]
[BlackElo "1949"]
[PlyCount "68"]
[EventDate "2010.09.24"]

1. e4 d6 2. d4 Nf6 3. Nc3 g6 4. Be3 Bg7 5. Qd2 O-O 6. f3 c6 7. g4 b5 8. h4 h5
9. g5 Ne8 10. f4 Bg4 11. Be2 Bxe2 12. Ngxe2 Nd7 13. f5 Nb6 14. b3 Nc7 15. Nf4
Kh7 16. Qd3 e5 17. fxe6 Nxe6 18. Nce2 c5 19. Nxe6 fxe6 20. Nf4 Qe8 21. Rg1 Rxf4
22. Bxf4 Bxd4 23. Kd2 Bxa1 24. Rxa1 e5 25. Be3 c4 26. Qe2 c3+ 27. Kxc3 Qc6+ 28.
Kb2 Qxe4 29. Qf2 Nd5 30. Rf1 Rc8 31. Qf7+ Kh8 32. Qe7 Qxc2+ 33. Ka1 Nxe3 34.
Rb1 Qc3+ 0-1

[Event "I Torneo Città di Biella"]
[Site "Biella ITA"]
[Date "2010.09.26"]
[Round "5.27"]
[White "Melling, Jonathon"]
[Black "Bosticardo, Tommaso"]
[Result "1-0"]
[WhiteElo "1905"]
[BlackElo "1558"]
[PlyCount "75"]
[EventDate "2010.09.24"]

1. d4 d5 2. c4 e6 3. Nf3 Nf6 4. Nc3 Be7 5. Bf4 c5 6. e3 O-O 7. Qc2 Nc6 8. Rd1
a6 9. dxc5 Bxc5 10. Bd3 dxc4 11. Bxh7+ Nxh7 12. Rxd8 Rxd8 13. O-O Nb4 14. Qb1
b5 15. Ne4 Be7 16. Neg5 Nxg5 17. Nxg5 Bxg5 18. Bxg5 Rd5 19. Bh4 Bb7 20. Qe4 Rd7
21. Qg4 Kh7 22. Qh3 Kg8 23. Qg4 Kh7 24. f4 Rd2 25. Rf2 Rxf2 26. Bxf2 Be4 27.
Be1 Nd5 28. a3 Rc8 29. Qh5+ Kg8 30. Qe5 Bh7 31. e4 Nc7 32. Bc3 Ne8 33. g4 Rd8
34. f5 exf5 35. exf5 Kf8 36. h4 Kg8 37. g5 Kf8 38. h5 1-0